ទឹក ធនធានដែលត្រូវថែរក្សា / (Record no. 1504)

MARC details
000 -LEADER
fixed length control field 01398nam a22002657a 4500
005 - DATE AND TIME OF LATEST TRANSACTION
control field 20231003101239.0
020 ## - INTERNATIONAL STANDARD BOOK NUMBER
International Standard Book Number 9789924341581
040 ## - CATALOGING SOURCE
Original cataloging agency FISKH
Language of cataloging eng
Transcribing agency FISKH
Modifying agency FISKH
082 ## - DEWEY DECIMAL CLASSIFICATION NUMBER
Classification number 551.46
100 ## - MAIN ENTRY--PERSONAL NAME
Personal name Anonymous
245 ## - TITLE STATEMENT
Title ទឹក ធនធានដែលត្រូវថែរក្សា /
Statement of responsibility, etc. និពន្ធដោយ Water Family - គូររូបដោយ Nicolas Treve
260 ## - PUBLICATION, DISTRIBUTION, ETC.
Place of publication, distribution, etc. Vagnon :
Name of publisher, distributor, etc. Sipar,
Date of publication, distribution, etc. 2019.
300 ## - PHYSICAL DESCRIPTION
Extent 51 pages :
Other physical details color illustrations ;
Dimensions 20 cm
490 ## - SERIES STATEMENT
Series statement ខ្ញុំចង់ដឹង
505 ## - FORMATTED CONTENTS NOTE
Formatted contents note Z'<br/>
520 ## - SUMMARY, ETC.
Summary, etc. ការស្វែងយល់ពីទឹកបង្ហាញពីមូលហេតុដែលវដ្តទឹកមានសារៈសំខាន់ចំពោះគ្រប់ទម្រង់នៃជីវិតនៅលើផែនដី និងរបៀបដែលយើងអាចជួយការពារទឹកពីការបំពុល។
520 ## - SUMMARY, ETC.
Summary, etc. Getting to know water shows why the water cycle is important to all forms of life on earth and how we can help protect water from pollution.
521 ## - TARGET AUDIENCE NOTE
Target audience note 1000<br/><br/>
Source Lexile estimate<br/>
521 ## - TARGET AUDIENCE NOTE
Target audience note Z'<br/>
Source Raz-Plus<br/>
650 ## - SUBJECT ADDED ENTRY--TOPICAL TERM
Topical term or geographic name entry element ទឹក
Form subdivision បំពុល
General subdivision សារៈសំខាន់
650 ## - SUBJECT ADDED ENTRY--TOPICAL TERM
Topical term or geographic name entry element Water
Form subdivision Pollute
General subdivision Important
700 ## - ADDED ENTRY--PERSONAL NAME
Personal name Treve, Nicolas
Titles and other words associated with a name illustrator
942 ## - ADDED ENTRY ELEMENTS (KOHA)
Source of classification or shelving scheme Dewey Decimal Classification
Koha item type Books
Suppress in OPAC No
999 ## -
-- 1504
-- 1504
Holdings
Withdrawn status Lost status Source of classification or shelving scheme Damaged status Not for loan Collection Home library Current library Shelving location Date acquired Total Checkouts Full call number Barcode Date last seen Date last checked out Copy number Price effective from Koha item type
    Dewey Decimal Classification     Khmer Non-Fiction / សៀវភៅខ្មែរ រឿងពិត Footprints International School Library Network Toul Kork Campus Footprints International School Library Network Toul Kork Campus   08/30/2023 1 ANO 551.46 2023-0415 06/19/2025 05/21/2025 1 08/30/2023 Books
    Dewey Decimal Classification     Khmer Non-Fiction / សៀវភៅខ្មែរ រឿងពិត Footprints International School Library Network Toul Kork Campus Footprints International School Library Network Toul Kork Campus   08/30/2023 2 ANO 551.46 2023-0416 06/09/2025 12/03/2024 2 08/30/2023 Books